La creatividad

Պահպանված է:
Մատենագիտական մանրամասներ
Հիմնական հեղինակ: López Pérez, Ricardo (autor)
Ձևաչափ: Գիրք
Լեզու:իսպաներեն
Հրապարակվել է: Santiago Universitaria 2012
Հրատարակություն:2a. ed
Խորագրեր:
Ցուցիչներ: Ավելացրեք ցուցիչ
Չկան պիտակներ, Եղեք առաջինը, ով նշում է այս գրառումը!

MARC

LEADER 00000cam a2200000 a 4500
001 UCF7604
003 CL-VaPUC
008 130627e20120000CL |||||||||||||||||spa|d
020 |a 9789561120181 
082 0 4 |a 370.118  |b LOP  |2 21 
100 |a López Pérez, Ricardo  |e autor  |9 569668 
245 1 3 |a La creatividad 
250 |a 2a. ed 
300 |a 126 p 
942 |c BK 
945 |d 20130627 00:00:00  |a dcastane 
260 |a Santiago  |b Universitaria  |c 2012 
650 0 |a Creatividad   |9 310816 
583 |a last modification  |c 20130627 13:18:00  |k Rodrigo Vera 
999 |c 352413  |d 352411